KOHA-Header-6

Programmable Micro controllers with applications (Record no. 12092)

000 -LEADER
fixed length control field 00333nam a22001337a 4500
020 ## - INTERNATIONAL STANDARD BOOK NUMBER
ISBN 978-93-87572-70-6
082 ## - DEWEY DECIMAL CLASSIFICATION NUMBER
Classification number 621.39
100 ## - MAIN ENTRY--AUTHOR NAME
Personal name H.Deniz Gurhan
245 ## - TITLE STATEMENT
Title Programmable Micro controllers with applications
260 ## - PUBLICATION, DISTRIBUTION, ETC. (IMPRINT)
Place of publication India
Name of publisher Mc Graw Hill
Year of publication 2018
300 ## - PHYSICAL DESCRIPTION
Number of Pages 414
650 ## - SUBJECT ADDED ENTRY--TOPICAL TERM
Topical Term Electrical Engineering
942 ## - ADDED ENTRY ELEMENTS (KOHA)
Koha item type Books
Holdings
Withdrawn status Lost status Collection code Permanent Location Current Location Shelving location Date acquired Full call number Accession Number Koha item type
    CSE MAJU MAJU Shelf No.A31 2019-10-29 621.39 9398 Computer System Engineering

Powered by Koha